000 02181cam a22005174i 4500
003 PE-LiUPU
005 20250731165546.0
008 150625s r 000 0 d
035 _a(Sirsi) a33946
035 _a(Sirsi) a33946
040 _aPE-LiUPU
_bspa
_cPE-LiUPU
_erda
082 0 4 _a225
_bN5
_221
100 1 _aKurzinger, Josef,
_eautor.
245 1 4 _aLos hechos de los Apóstoles.
_n5 /
_cJosef Kurzinger.
264 1 _aBarcelona :
_bHerder,
_c1974.
300 _a212 páginas ;
_c20 cm.
336 _atext
_2rdacontent
337 _aunmediated
_2rdamedia
338 _avolume
_2rdacarrier
505 0 _aEl camino del apóstol Pablo: de Antioquía a Roma. -Primer viaje misional. -Preoblemas de la misión de los gentiles. -Segundo viaje Misional. -Terser viaje misional. -Arresto y prisión preventiva. -En Cesarea. -El viaje a Roma.
526 _aSEG44
526 _aSEG26
526 _aP151
526 _aP150
526 _aP149
526 _aP146
526 _aP145
526 _aP126
526 _aP125
526 _aP92
526 _aP75
526 _aP74
526 _aP27
526 _aP15
630 _aBiblia.
_pN.T.
_pHechos
_xComentarios.
910 _a
942 _2ddc
_cBOOK
949 _aRC 225 N 5
_wDEWEY
_c1
_i37662
_lRC
_mBUL
_r0
_sY
_tBOOK
_u2015-6-25
_xBIBLIOTECA
_zUNKNOWN
_0COMPRA
_o.CIRCNOTE. No olvidar cambiar la fecha de devolución!!!!!!!
_o.STAFF. Colección General
949 _aRC 225 N 5
_wDEWEY
_c2
_i37661
_lRC
_mBUL
_r0
_sY
_tBOOK
_u2015-6-25
_xBIBLIOTECA
_zUNKNOWN
_0COMPRA
_o.CIRCNOTE. No olvidar cambiar la fecha de devolución!!!!!!!
_o.STAFF. Colección General
994 _aC0
_bPEPRU
596 _a1
999 _aRC 225 N 5
_wDEWEY
_c41749
_i37662
_f2021-11-8
_g6
_lCCODEBUL1
_mBUL
_r1
_sY
_tBOOK
_u2015-6-25
_xTEOLOGIA
_zUNKNOWN
_0COMPRA
_o.CIRCNOTE. No olvidar cambiar la fecha de devolución!!!!!!!
_o.STAFF. Colección General
_d41749
999 _aRC 225 N 5
_wDEWEY
_c2
_i37661
_f2021-11-8
_g6
_lCCODEBUL1
_mBUL
_r1
_sY
_tBOOK
_u2015-6-25
_xTEOLOGIA
_zUNKNOWN
_0COMPRA
_o.CIRCNOTE. No olvidar cambiar la fecha de devolución!!!!!!!
_o.STAFF. Colección General
980 _81
_gALBERTO SANCHEZ Responsable de Automatización